000 00688nam a2200217 a 4500
999 _c4402
_d4402
001 4402
003 BD-JhCC
005 20180325165647.0
008 171126s1965 bg |||| |||| 000 0 ben d
035 _a(BD-JhCC)4402
040 _aBD-JhCC
_dBD-JhCC
041 _aben
082 _a398.09
_bJES 1965
245 _aযশোর-খুলনার ছড়া /
_cশিবপ্রসন্ন লাহিড়ী (সম্পা.)
260 _aঢাকা :
_bবাংলা একাডেমী,
_c1965.
300 _a349 p. :
_c21 cm.
650 _aFolk Rhymes
_zKhulna
700 _aলাহিড়ী, শিবপ্রসন্ন
942 _2ddc
_cBK